=LDR 00000nam 2200000 4500 =001 INLIS000000000029742 =005 20130612131941 =008 ***********************************Ind** =035 ##$$0010-061300000029742 =041 ##$$a Ind =082 ##$$a 2x3.4 =090 ##$$a 2x3.4, Son i =100 ##$$a Sou'yb, Joesoef =245 ##$$a Isa Almasih masih hidup atukah sudah mati, Joesoef Sou'yb =260 ##$$a 1984 $b Jakarta =300 ##$$a 187 hlm, 21 cm =650 ##$$a Isa Almasih =850 ##$$a NBPNMAT